| 000 | 00994nam a2200277Ia 4500 | ||
|---|---|---|---|
| 003 | OSt | ||
| 005 | 20220927103624.0 | ||
| 006 | a|||||r|||| 00| 0 | ||
| 007 | ta | ||
| 008 | 220926b |||||||| |||| 00| 0 eng d | ||
| 024 | _a119852 | ||
| 037 | _cReference Collections | ||
| 040 |
_aRTL _cRTL _beng |
||
| 041 |
_2eng _aeng |
||
| 082 | _a"Z1,2153, K9/UN" | ||
| 110 |
_a"Food and Agriculture Organization, Legislation Branch, Fisheries (Deptt of-)" _9360660 |
||
| 245 | 0 | _a"Limits and status of the territorial sea, exclusive fishing zones, fishery conservation zones and continential shelf" | |
| 260 |
_aRome _bFAO _c1969 |
||
| 300 |
_a"vi, 32p" _ccm. |
||
| 490 | _a"Food and Agriculture Organization, Legislative Series" | ||
| 500 | _aAppendix: P 25-32 | ||
| 650 |
_aLaw _9360661 |
||
| 700 |
_a"Food and Agriculture Organization, Legislation Branch, Fisheries (Deptt of-)" _9360662 |
||
| 942 |
_h"Z1,2153, K9/UN" _cCC |
||
| 999 |
_c684372 _d684372 |
||